000 00321 a2200109 4500
001 ART_48056
005 20260410161757.0
008 260409a
245 1 0 _aEl ajuste por inflación impositivo es necesario
100 1 _aVolman, Mario
773 0 _tDoctrina tributaria
_g- N°465 (dic. 2018)
_wREV4296
999 _c20198
_d20198